| 000 | 00557nam a2200157 4500 | ||
|---|---|---|---|
| 001 | 118923 | ||
| 003 | ES-MaACL | ||
| 005 | 20230906191215.0 | ||
| 007 | t| | ||
| 008 | 070214s1958 sp r ||||1| spa d | ||
| 100 | 1 |
_aPeydro, Miguel. _991587 |
|
| 245 | 1 | 0 |
_aAlbert Camus y la perspectiva permanente de la moral: conferencia en la Asociación de Diplomados del Instituto Internacional el 20 de mayo de 1958 / _cMiguel Peydro. |
| 260 |
_aMadrid : _b[s.n.], _c1958 ( _fGráfs. Sánchez) |
||
| 300 |
_a32 p. ; _c21 cm. |
||
| 852 |
_aES-MaACL _j2008-F-9 _bR.42679 |
||
| 999 |
_c118923 _d118923 |
||